Trouve ces 15 capitales - Statistiques

Statistiques générales
  • Ce quiz a été pris 375 fois
  • Le résultat moyen est 14 sur 15
Statistiques - réponses
Pays Capitales % Correct
France Paris
100%
Allemagne Berlin
98%
Italie Rome
98%
Mexique Mexico
97%
Russie Moscou
97%
Japon Tokyo
97%
États-Unis Washington D.C
96%
Chine Pekin
96%
Brésil Brasilia
95%
Australie Canberra
92%
Égypte Le Caire
92%
Canada Ottawa
89%
Argentine Buenos Aires
88%
Inde New Delhi
88%
Afrique du sud PrétoriaLe Cap Bloemfontein
73%
Aucun quiz correspondant
Distribution des résultats
% des personnes avec chaque résultat
Percentile par nombre de réponses
Votre historique - résultats
Vous n’avez pas pris ce quiz